Spot the Tigers - Statistics

General Stats
  • This quiz has been taken 16 times
  • The average score is 4 of 8
Answers on the Grid
Answers color-coded by a green-red scale on the quiz's grid according to % correct below.
Clemson
Boston College
Illinois
Pacific
Iowa State
Princeton
Cincinnati
Harvard
Missouri
Florida
Gonzaga
Auburn
Oklahoma State
Memphis
Creighton
Washington State
Western Michigan
Louisiana State
Grambling State
UTEP
 
Answer Stats
Answer % Correct
Clemson
75%
Louisiana State
75%
Missouri
75%
Memphis
50%
Princeton
50%
Auburn
25%
Grambling State
25%
Pacific
25%
No matching quizzes found
Score Distribution
Percent of People with Each Score
Percentile by Number Answered
Your Score History
You have not taken this quiz